01563nam a2200337Ia 450000500170000000800410001702000270005802000270008502000240011202000180013604000730015404100080022724502820023525000110051726000510052830000220057950400530060165000330065465000370068765000270072465000510075165000460080265000470084865000560089570000410095170000490099270000420104170000300108370000320111376500800114520240213083016.0130821s2020 mx grff eng  z9786074488562 (4a.Ed.) a9786074480528 (3a.Ed.) a9684269781 (2a.Ed.) z9781433805615 aCo.BoUCMbspacDeissy Garcia (modificó)dDavid Moreno (modificó)00aspa10aManual de publicaciones de la american psychological associationctraducción por Oriol Francisco Remolina Gallego, Miroslava Guerra Frías; revisión de Silvia Rosa Peña Alfaro González ; editor Santiago Viveros Fuentes ; revisión técnica Ana Natalia Seubert Ravelo a4a.Ed. aMéxico D.F. (México)bManual modernoc2021 axx, 452 Páginas aIncluye referencias bibliográficas e índices 7aCiencias sociales vManuales 7aPsicología vNormas técnicas aPsicologíavManuales aRedacción de escritos académicosvManuales 7aEscritos académicos vNormas técnicas 7aCitas bibliográficas vNormas técnicas 7aArte de escribir xArgumentos (Drama, Novela, Etc.)1 aGuerra Frías, Miroslavaetraductor1 aRemolina Gallego, Oriol Franciscoetraductor1 aPeña Alfaro González, Silvia Rosa1 aViveros Fuentes, Santiago1 aSeubert Ravelo, Ana Natalia tPublication Manual of the American psychological association, sixth edition